| 000 | 00808nas a2200277 4500 | ||
|---|---|---|---|
| 001 | BR0600924 | ||
| 003 | BR-BrBNA | ||
| 005 | 20231205105843.0 | ||
| 007 | ta | ||
| 008 | 230509b bl.|||p| |||| 00| 00por d | ||
| 040 |
_aBR-BrBNA _bpor _cBiblioteca Nacional de Agricultura |
||
| 041 | _a(En) | ||
| 072 | _aL73 | ||
| 100 | 1 | _aMoreira, S.M. | |
| 100 | 1 | _aMachado, R. | |
| 100 | 1 | _aPassos, L.F. | |
| 245 | 1 | _aDetection of Ehrlichia canis in bone marrow aspirates of experimentally infected dogs | |
| 650 | _aCÃO | ||
| 650 | _aMEDULA ÓSSEA | ||
| 650 | _aDIAGNÓSTICO | ||
| 650 | _aINFECÇÃO | ||
| 650 | _aDOENÇA ANIMAL | ||
| 773 | 0 |
_tCiência Rural (Brazil) _xISSN 0103-8478 _g(Jul-Aug 2005), v. 35(4) p. 958-960 _wBR0600924 |
|
| 909 |
_a202311 _bLúcia _c55 _dLúcia Elande |
||
| 942 |
_2AGRIS _n0 _cANA |
||
| 999 |
_c185016 _d185016 |
||